| 000 | 00402nam a2200169Ia 4500 | ||
|---|---|---|---|
| 005 | 20250423101444.0 | ||
| 008 | 250422s9999 xx 000 0 und d | ||
| 020 | _a0- 226- 45803- 2 | ||
| 050 | _aQ175.K95 | ||
| 100 | _aThomas S. Kuhn | ||
| 245 | 4 | _aThe structure of scientific revolutions | |
| 250 | _a2nd | ||
| 260 | _bUniversity of Chicago | ||
| 260 | _c1970 | ||
| 300 | _a210 p | ||
| 942 | _cBK | ||
| 999 |
_c36346 _d36346 |
||